Cyclisme : Cyclistes Britanniques en WT et ProTeam saison 2023 - Statistiques

Statistiques générales
  • Ce quiz a été pris 28 fois
    27 depuis la dernière actualisation
  • Le résultat moyen est 25 sur 43
Statistiques - réponses
Hint Réponse % Correct
INEOS Grenadiers Geraint THOMAS
96%
UAE Team Emirates Adam YATES
88%
Astana Qazaqstan Team Mark CAVENDISH
88%
Team Jayco AlUla Simon YATES
88%
INEOS Grenadiers Thomas PIDCOCK
88%
Bahrain - Victorious Fred WRIGHT
81%
Israel - Premier Tech Chris FROOME
77%
INEOS Grenadiers Joshua TARLING
77%
Groupama - FDJ Jake STEWART
73%
Soudal - Quick Step James KNOX
73%
Bolton Equities Black Spoke Mark STEWART
73%
INEOS Grenadiers Ben SWIFT
69%
INEOS Grenadiers Ben TURNER
69%
INEOS Grenadiers Connor SWIFT
69%
INEOS Grenadiers Ethan HAYTER
69%
Soudal - Quick Step Ethan VERNON
69%
INEOS Grenadiers Leo HAYTER
69%
Groupama - FDJ Lewis ASKEY
69%
INEOS Grenadiers Tao GEOGHEGAN HART
69%
Team Arkéa Samsic Daniel MCLAY
62%
Cofidis Harrison WOOD
62%
INEOS Grenadiers Luke ROWE
62%
BORA - hansgrohe Matthew WALLS
62%
Team dsm - firmenich Max POOLE
62%
Groupama - FDJ Samuel WATSON
62%
INEOS Grenadiers Ben TULETT
58%
EF Education-EasyPost Hugh CARTHY
58%
EF Education-EasyPost James SHAW
54%
Q36.5 Pro Cycling Team Mark DONOVAN
54%
Team dsm - firmenich Oscar ONLEY
54%
Jumbo-Visma Thomas GLOAG
54%
EF Education-EasyPost Owain DOULL
50%
EF Education-EasyPost Simon CARR
50%
Israel - Premier Tech Stephen WILLIAMS
46%
Team Corratec - Selle Italia Charlie QUARTERMAN
38%
Team dsm - firmenich Sean FLYNN
35%
Human Powered Health Matthew GIBSON
27%
Human Powered Health Paul DOUBLE
27%
Bolton Equities Black Spoke Jacob SCOTT
23%
Bolton Equities Black Spoke Dan GARDNER
15%
Bolton Equities Black Spoke Matthew BOSTOCK
15%
Israel - Premier Tech Mason HOLLYMAN
12%
Team Novo Nordisk Sam BRAND
8%
Aucun quiz correspondant
Distribution des résultats
% des personnes avec chaque résultat
Percentile par nombre de réponses
Votre historique - résultats
Vous n’avez pas pris ce quiz depuis la dernière actualisation